<?xml version="1.0" encoding="UTF-8"?>
<collection xmlns="http://www.loc.gov/MARC21/slim">
    <record>
        <controlfield tag="001">46627</controlfield>
        <controlfield tag="005">20170831220543.0</controlfield>
        <datafield tag="037" ind1=" " ind2=" ">
            <subfield code="a">GDOC-2011-1728</subfield>
        </datafield>
        <datafield tag="041" ind1=" " ind2=" ">
            <subfield code="a">spa</subfield>
        </datafield>
        <datafield tag="100" ind1=" " ind2=" ">
            <subfield code="0">(orcid)0000-0002-4758-9380</subfield>
            <subfield code="a">Mallada Viana, María Reyes</subfield>
        </datafield>
        <datafield tag="245" ind1="0" ind2="0">
            <subfield code="9">67012</subfield>
            <subfield code="a">Tecnología de membranas</subfield>
        </datafield>
        <datafield tag="260" ind1=" " ind2=" ">
            <subfield code="a">Zaragoza</subfield>
            <subfield code="b">Universidad de Zaragoza</subfield>
            <subfield code="c">2011-2012</subfield>
        </datafield>
        <datafield tag="520" ind1=" " ind2=" ">
            <subfield code="a">La tecnología de membranas ha cobrado un impulso importante en aplicaciones industriales ya que es una técnica de separación eficiente energéticamente y medioambiental limpia frente a otros procesos clásicos de separación como la destilación o la extracción líquido-líquido. Su aplicación esta en procesos de separación como la filtración (ultra, micro- y nano-), osmosis inversa, diálisis (electro-), separación de mezclas líquidas por pervaporación y separaciones de gases además las membranas o capas tienen otras aplicaciones que tienen un interés tecnológico actual como procesos catalíticos y sensores entre otros. Por tanto en la ingeniería química y en el medio ambiente se debe conocer y profundizar en el tema. En base a esto, la asignatura tiene los siguientes contenidos: Introducción: conceptos generales. Preparación y caracterización de membranas. Mecanismos de transporte. Aplicaciones de membranas a procesos de separación. Aplicaciones de membranas como sensores químicos. Aplicaciones de las membranas a procesos con reacción: Reactores de membrana.</subfield>
        </datafield>
        <datafield tag="521" ind1=" " ind2=" ">
            <subfield code="9">641</subfield>
            <subfield code="a">Máster Universitario en Iniciación a la Investigación Ingeniería Química y Medioambiente</subfield>
        </datafield>
        <datafield tag="540" ind1=" " ind2=" ">
            <subfield code="a">by-nc-sa</subfield>
            <subfield code="b">Creative Commons</subfield>
            <subfield code="c">3.0</subfield>
            <subfield code="u">http://creativecommons.org/licenses/by-nc-sa/3.0/</subfield>
        </datafield>
        <datafield tag="700" ind1=" " ind2=" ">
            <subfield code="0">(orcid)0000-0002-4954-1188</subfield>
            <subfield code="a">Téllez Ariso, Carlos</subfield>
        </datafield>
        <datafield tag="700" ind1=" " ind2=" ">
            <subfield code="0">(orcid)0000-0001-9897-6527</subfield>
            <subfield code="a">Pina Iritia, María Pilar</subfield>
        </datafield>
        <datafield tag="830" ind1=" " ind2=" ">
            <subfield code="9">321</subfield>
        </datafield>
        <datafield tag="856" ind1="4" ind2=" ">
            <subfield code="s">93513</subfield>
            <subfield code="u">http://zaguan.unizar.es/record/46627/files/guia.pdf</subfield>
            <subfield code="y">Guía (idioma español)</subfield>
        </datafield>
        <datafield tag="980" ind1=" " ind2=" ">
            <subfield code="a">GDOC</subfield>
            <subfield code="b">Ingeniería y Arquitectura</subfield>
            <subfield code="c">110</subfield>
        </datafield>
    </record>

    
</collection>